000 00369cam a22001217a 4500
008 180718b1955 xxu||||| |||| 00| 0 eng d
082 _aPx43 H614
100 _aHirlekar, Yamunabai
245 _aEducation in Germany: personal impressions and experiences
_cby Yamunabai Hirlekar
260 _aBombay
_bR.K. Hirlekar
_c1955
300 _a152p.
650 _aEducation-Germany
999 _c430317
_d430317